Statistics for Capitals of South America (ABC)

Click here to take the quiz!

General Stats

  • This quiz has been taken 27 times
  • The average score is 5 of 5

Answer Stats

Answer% Correct
Bogota
100%
Brasilia
100%
Caracas
100%
Asuncion
96%
Buenos Aires
91%

Score Distribution

Percentile by Number Answered

Percent of People with Each Score

Your Score History

You have not taken this quiz